Montpellier en Images - Statistiques

Statistiques générales
  • Ce quiz a été pris 559 fois
  • Le résultat moyen est 13 sur 18
Statistiques - réponses
Par images Hint Réponse % Correct
Transport emblématique Tramway
98%
Place Place de la {Comédie}
96%
Humoriste Paul Mirabel
91%
Centre Commercial Polygone
87%
Faculté Faculté de {médecine} de Montpellier
83%
Quartier et centre commercial Odysseum
82%
Cours d'eau Lez
81%
Quartier Antigone
76%
Centre de conférences Corum
75%
Frères pongistes Félix et Alexis Lebrun
74%
Club de Football Montpellier Hérault Sport Club
73%
Parc Promenade du Peyrou
71%
Lycée et ancienne citadelle Lycée {Joffre}
59%
Place Esplanade de l’{Europe}
55%
Ancienne fortification Tour de la {Babotte}
41%
Jardins Jardin des plantes
40%
Saint Bienfaiteur Saint-{Roch}
39%
Cathédrale Saint-Pierre de Montpellier
38%
Aucun quiz correspondant
Distribution des résultats
% des personnes avec chaque résultat
Percentile par nombre de réponses
Votre historique - résultats
Vous n’avez pas pris ce quiz